| 000 | 00722nab a2200253 a 4500 | ||
|---|---|---|---|
| 005 | 20210219160743.0 | ||
| 008 | 991125s1985 mx 000 0 spa u | ||
| 035 | _aUPN01000171819 | ||
| 100 | 1 | _aCañadas, María Consuelo | |
| 222 | _aUNO : | ||
| 222 | _bREVISTA DE DIDACTICA DE LAS MATEMATICAS | ||
| 245 | _aEstrategias de resolución del conteo de cuadrados en el tablero de ajedrez | ||
| 260 | _aBarcelona, España | ||
| 300 | _a113-121 | ||
| 362 | 0 | _a2008 No. 48, abr.-jun. | |
| 653 | 0 | _aRESOLUCION DE PROBLEMAS | |
| 653 | 0 | _aCONTEO | |
| 653 | 0 | _aAJEDREZ | |
| 700 | 1 | _aMartínez Santaolalla, Manuel J., | |
| 700 | 1 | _ecoaut. | |
| 700 | 1 | _aGallardo, Sandra, | |
| 700 | 1 | _ecoaut. | |
| 905 | _aArticulo | ||
| 999 |
_c143923 _d143923 |
||